000 00546nam a2200193Ia 4500
003 GCL
008 140319s9999 xx 000 0 eng d
040 _aGCL /
_cGCL
082 0 4 _a620
_bS I
100 1 _aSADIQ M. SAIT
245 1 0 _aITERATIVE COMPUTER ALGORITHMS WITH APPLICATIONS IN ENGINEERING /
_cSADIQ M. SAIT
700 1 _aHABIB YOUSSEF
260 _aنيويورك :
_bCOMPUTER SOCIETY ،
_c1999
300 _a24 CM ؛
_c387 P
650 0 4 _aALGORITHMS
650 0 4 _aENGINEERING MATHEMATICS
650 0 4 _aENGINEERING
942 _2ddc
_cBK
999 _c7063
_d7063